000 01816cam a22004097a 4500
003 CHAP
005 20220817043432.0
008 980416d1996 mx rsy 00110 spa d
010 _a75313
011 _a76285
020 _a968-6297-88-X
020 _a968-6297-96-0
020 _a968-6297-97-9
020 _a9686297871
035 _a85864
040 _cCHAP
082 0 4 _a378
_bA85 1995
110 2 _aAsociación Nacional de Universidades e Instituciones de Educación Superior. México
_98094
245 1 0 _aAnuario estadístico, 1995
_c/por Asociación Nacional de Universidades e Instituciones de Educación Superior
260 0 _aMéxico, D. F. :
_bAsociación Nacional de Universidades e Instituciones de Educación Superior,
_c1996.
300 _av. :
_bgráfs.
500 _aLa biblioteca tiene : v.1 Población escolar de nivel licenciatura en universidades e institutos tecnológicos.--v.2 Nivel de estudios del personal docente (licenciatura en universidades e institutos tecnológicos).--v.3 Licenciatura en escuelas normale
590 _aBATCH-UPD
_b10
_c20130110
_lUCH01
_h1927
590 _aBATCH-UPD
_b10
_c20130410
_lUCH01
_h1252
590 _aBATCH-UPD
_b10
_c20130914
_lUCH01
_h1237
590 _aCONVERSION
_b10
_c20130109
_lUCH01
_h1341
650 1 4 _aEducación superior.
650 1 4 _aEducación
_xEstadísticas.
_935437
650 1 4 _aEducación
_xEstadísticas
_zMéxico.
_935442
901 _aBK
905 _aLilia Sánchez G.
942 _cLIBRO
949 _a378 A85 1995
_bBC
_cC
_d33724000585212
_eC
_fv.4
_h93125
_i85864
_kDonaciØn
_sb
949 _a378 A85 1995
_bBC
_cC
_d33724000585220
_eC
_fv.3
_h93124
_i85864
_kDonaciØn
_sb
949 _a378 A85 1995
_bBC
_cC
_d33724000585238
_eC
_fv.2
_h93123
_i85864
_kDonaciØn
_sb
949 _a378 A85 1995
_bBC
_cC
_d33724000585246
_eC
_fv.1
_h93122
_i85864
_sb
999 _c75313
_d75313